Calidad del agua

Tallennettuna:
Bibliografiset tiedot
Päätekijä: Romero Rojas, Jairo Alberto (Tekijä)
Aineistotyyppi: Kirja
Kieli:espanja
Julkaistu: Ciudad de México, México Alfaomega 1999
Painos:2a. edición
Sarja:Alfaomega, 405
Aiheet:
Linkit:Disponible Online
Tagit: Lisää tagi
Ei tageja, Lisää ensimmäinen tagi!

MARC

LEADER 00000cam a2200000 a 4500
001 UCP8485
003 CL-VaPUC
005 20210304001134.0
008 000303e19990000MX |||||||||||||||||spa|d
999 |c 285381  |d 285379 
020 |a 9701504054 
040 |c Pontificia Universidad Católica de Valparaíso 
082 0 4 |a 546.22 ROM 1999  |2 21 
100 0 |a Romero Rojas, Jairo Alberto  |e author  |9 438476 
245 1 0 |a Calidad del agua 
250 |a 2a. edición  
260 |a Ciudad de México, México   |b Alfaomega  |c 1999 
300 |a 273 páginas  
490 0 |a Alfaomega, 405 
500 |a Incluye disquette 
505 |a 1. Conceptos fundamentales de química general 2. Análisis físico del agua 3. Análisis químico del agua 4. Análisis bacteriológico del agua 5. Coagulación química del agua 6. Desinfección 7. Ablandamiento 8. Remoción de hierro y manganeso 
583 |a last modification  |c 20180315 09:25:33  |k Rodrigo Vera 
650 0 |a Análisis del agua   |2 CL-VaPUC  |9 262189 
650 0 |a Química del agua   |2 CL-VaPUC  |9 261152 
650 0 |a Tratamiento del agua   |9 262889 
852 |a BIBCUR 
856 |u http://bibliografiadigital.pucv.cl.pucv.idm.oclc.org/index.php/bibliotecapucv/catalog/book/110  |y Disponible Online  
942 |c BK  |2 ddc 
945 |d 20000303 00:00:00  |a vberengu 
952 |0 0  |1 0  |4 0  |6 546_220000000000000_ROM_1999  |7 0  |8 A  |9 329942  |a BIBING  |b BIBING  |d 2019-11-20  |i 3588440  |l 2  |o 546.22 ROM 1999  |p 3588440  |q 2025-05-14  |r 2025-05-07  |s 2025-05-07  |w 2019-11-20  |y BK  |k CCL 
952 |0 0  |1 0  |4 0  |6 546_220000000000000_ROM_1999  |7 0  |8 A  |9 329943  |a BIBING  |b BIBING  |d 2019-11-20  |i 3735974  |o 546.22 ROM 1999  |p 3735974  |r 2025-01-20  |w 2019-11-20  |y BK  |k CCL 
952 |0 0  |1 0  |4 0  |6 546_220000000000000_ROM_1999  |7 0  |8 A  |9 329944  |a BIBING  |b BIBING  |d 2019-11-20  |i 3783367  |l 2  |m 2  |o 546.22 ROM 1999  |p 3783367  |r 2025-03-27  |s 2025-03-10  |w 2019-11-20  |y BK  |k CCL 
952 |0 0  |1 0  |4 0  |6 546_220000000000000_ROM_1999  |7 0  |8 A  |9 329945  |a BIBING  |b BIBING  |d 2019-11-20  |i 3783375  |o 546.22 ROM 1999  |p 3783375  |r 2025-01-20  |w 2019-11-20  |y BK  |k CCL 
952 |0 0  |1 0  |4 0  |6 546_220000000000000_ROM_1999  |7 0  |8 A  |9 329946  |a BIBING  |b BIBING  |d 2019-11-20  |i 3783383  |o 546.22 ROM 1999  |p 3783383  |r 2025-01-20  |w 2019-11-20  |y BK  |k CCL 
952 |0 0  |1 0  |4 0  |6 546_220000000000000_ROM_1999  |7 0  |8 A  |9 329947  |a BIBCUR  |b BIBCUR  |d 2019-11-20  |i 3796795  |o 546.22 ROM 1999  |p 3796795  |r 2025-04-22  |w 2019-11-20  |y BK  |k QUI 
952 |0 0  |1 0  |4 0  |6 546_220000000000000_ROM_1999  |7 0  |8 A  |9 329948  |a BIBING  |b BIBING  |d 2019-11-20  |i 3802132  |o 546.22 ROM 1999  |p 3802132  |r 2025-01-20  |w 2019-11-20  |y BK  |k ING 
952 |0 0  |1 0  |4 0  |6 546_220000000000000_ROM_1999  |7 0  |8 A  |9 329949  |a BIBING  |b BIBING  |d 2019-11-20  |i 3853969  |o 546.22 ROM 1999  |p 3853969  |r 2025-01-20  |w 2019-11-20  |y BK  |k CCL 
952 |0 0  |1 0  |4 0  |6 546_220000000000000_ROM_1999  |7 0  |8 A  |9 329950  |a BIBING  |b BIBING  |d 2019-11-20  |i 3853977  |o 546.22 ROM 1999  |p 3853977  |r 2025-01-20  |w 2019-11-20  |y BK  |k CCL 
952 |0 0  |1 0  |4 0  |6 546_220000000000000_ROM_1999  |7 0  |8 A  |9 329951  |a BIBING  |b BIBING  |d 2019-11-20  |i 3853985  |o 546.22 ROM 1999  |p 3853985  |r 2025-01-20  |w 2019-11-20  |y BK  |k CCL 
952 |0 0  |1 0  |4 0  |6 546_220000000000000_ROM_1999  |7 0  |8 A  |9 329953  |a BIBMEC  |b BIBMEC  |d 2019-11-20  |i 4507215  |o 546.22 ROM 1999  |p 4507215  |r 2024-01-19  |w 2019-11-20  |y BK  |k MEC 
952 |0 0  |1 0  |4 0  |6 546_220000000000000_ROM_1999  |7 0  |8 A  |9 329954  |a BIBMEC  |b BIBMEC  |d 2019-11-20  |i 4507487  |o 546.22 ROM 1999  |p 4507487  |r 2024-01-19  |w 2019-11-20  |y BK  |k MEC 
952 |0 0  |1 0  |3 erb  |4 0  |6 546_220000000000000_ROM_1999  |7 0  |8 A  |9 329955  |a BIBING  |b BIBING  |i 545705K  |o 546.22 ROM 1999  |p 545705K  |r 2025-01-20  |w 2019-11-20  |y BK  |z Catalogado en:20180316  |k CCL